Species plantarum: (Record no. 66700)
[ view plain ]
| 000 -LEADER | |
|---|---|
| fixed length control field | 00429nam a22001337a 4500 |
| 008 - FIXED-LENGTH DATA ELEMENTS--GENERAL INFORMATION | |
| fixed length control field | 240910b |||||||| |||| 00| 0 eng d |
| 040 ## - CATALOGING SOURCE | |
| Original cataloging agency | National Science Library |
| Transcribing agency | National Science Library |
| 080 ## - UNIVERSAL DECIMAL CLASSIFICATION NUMBER | |
| Universal Decimal Classification number | 582 |
| Item number | A4.1 |
| 245 ## - TITLE STATEMENT | |
| Title | Species plantarum: |
| Remainder of title | Exhibentes plantas rite cognitas ad genera relatas |
| 260 ## - PUBLICATION, DISTRIBUTION, ETC. | |
| Place of publication, distribution, etc. | Vindobonae: |
| Name of publisher, distributor, etc. | Joiannis Thome de Trattner, |
| Date of publication, distribution, etc. | 1764 |
| 300 ## - PHYSICAL DESCRIPTION | |
| Extent | 784p. |
| 500 ## - GENERAL NOTE | |
| General note | Mix language |
| 942 ## - ADDED ENTRY ELEMENTS (KOHA) | |
| Source of classification or shelving scheme | Universal Decimal Classification |
| Koha item type | Books |
| Withdrawn status | Lost status | Source of classification or shelving scheme | Damaged status | Not for loan | Home library | Current library | Shelving location | Date acquired | Total Checkouts | Full call number | Barcode | Date last seen | Price effective from | Koha item type |
|---|---|---|---|---|---|---|---|---|---|---|---|---|---|---|
| Universal Decimal Classification | National Science Library | National Science Library | GF | 12/07/2004 | 582 A4.1 | 186677 | 10/09/2024 | 12/07/2004 | Books |